header

Reintegrative justice in practice : (Record no. 144410)

MARC details
000 -LEADER
fixed length control field 02311nam a2200433 i 4500
001 - CONTROL NUMBER
control field ebr10802610
003 - CONTROL NUMBER IDENTIFIER
control field CaPaEBR
006 - FIXED-LENGTH DATA ELEMENTS--ADDITIONAL MATERIAL CHARACTERISTICS--GENERAL INFORMATION
fixed length control field m o d
007 - PHYSICAL DESCRIPTION FIXED FIELD--GENERAL INFORMATION
fixed length control field cr cn|||||||||
008 - FIXED-LENGTH DATA ELEMENTS--GENERAL INFORMATION
fixed length control field 130530t20142014enkab ob 001 0 eng|d
020 ## - INTERNATIONAL STANDARD BOOK NUMBER
Cancelled/invalid ISBN 9780754676850 (hardback : alk. paper)
International Standard Book Number 9781472421579 (e-book)
040 ## - CATALOGING SOURCE
Original cataloging agency CaPaEBR
Language of cataloging eng
Description conventions rda
-- pn
Transcribing agency CaPaEBR
035 ## - SYSTEM CONTROL NUMBER
System control number (OCoLC)863824624
043 ## - GEOGRAPHIC AREA CODE
Geographic area code e-uk-ui
050 14 - LIBRARY OF CONGRESS CALL NUMBER
Classification number HV9960.C48
Item number M55 2014eb
082 04 - DEWEY DECIMAL CLASSIFICATION NUMBER
Classification number 364.942341
100 1# - MAIN ENTRY--PERSONAL NAME
Personal name Miles, Helen.
245 10 - TITLE STATEMENT
Title Reintegrative justice in practice :
Remainder of title the informal management of crime in an island community /
Statement of responsibility, etc Helen Miles, Peter Raynor.
264 #1 - PRODUCTION, PUBLICATION, DISTRIBUTION, MANUFACTURE, AND COPYRIGHT NOTICE
Place of production, publication, distribution, manufacture Farnham, Surrey :
Name of producer, publisher, distributor, manufacturer Ashgate,
Date of production, publication, distribution, manufacture, or copyright notice [2014]
Date of production, publication, distribution, manufacture, or copyright notice �2014
300 ## - PHYSICAL DESCRIPTION
Extent 1 online resource (244 pages) :
Other physical details illustrations, maps.
336 ## - CONTENT TYPE
Content type term text
Source rdacontent
337 ## - MEDIA TYPE
Media type term computer
Source rdamedia
338 ## - CARRIER TYPE
Carrier type term online resource
Source rdacarrier
440 #0 - SERIES STATEMENT/ADDED ENTRY--TITLE
Title Welfare and society
504 ## - BIBLIOGRAPHY, ETC. NOTE
Bibliography, etc Includes bibliographical references and index.
505 0# - FORMATTED CONTENTS NOTE
Formatted contents note Introduction -- The origins and history of Jersey's honorary police -- Research strategy and methods -- The Parish Hall enquiry -- Compliance with guidelines, and available figures for the Parish Hall enquiry process -- Components of effective practice in community-based justice -- Community-based systems of justice -- Restorative justice in Jersey : repair, reconciliation and reassurance -- Reintegrative shaming in action -- The future for community justice in Jersey.
588 ## - SOURCE OF DESCRIPTION NOTE
Source of description note Description based on print version record.
590 ## - LOCAL NOTE (RLIN)
Local note Electronic reproduction. Palo Alto, Calif. : ebrary, 2013. Available via World Wide Web. Access may be limited to ebrary affiliated libraries.
650 #0 - SUBJECT ADDED ENTRY--TOPICAL TERM
Topical term or geographic name as entry element Criminology
Geographic subdivision Jersey.
Topical term or geographic name as entry element Restorative justice
Geographic subdivision Jersey.
Topical term or geographic name as entry element Justice, Administration of
Geographic subdivision Jersey.
655 #0 - INDEX TERM--GENRE/FORM
Genre/form data or focus term Electronic books.
700 1# - ADDED ENTRY--PERSONAL NAME
Personal name Raynor, Peter.
776 08 - ADDITIONAL PHYSICAL FORM ENTRY
Display text Print version:
Main entry heading Miles, Helen.
Title Reintegrative justice in practice : the informal management of crime in an island community.
Place, publisher, and date of publication Farnham, Surrey : Ashgate, [2014]
Physical description xv, 227 pages
Series data for related item Welfare and society
International Standard Book Number 9780754676850
Record control number (DLC)10802610
797 2# - LOCAL ADDED ENTRY--CORPORATE NAME (RLIN)
Corporate name or jurisdiction name as entry element ebrary.
856 40 - ELECTRONIC LOCATION AND ACCESS
Uniform Resource Identifier <a href="http://site.ebrary.com/lib/rucke/Doc?id=10802610">http://site.ebrary.com/lib/rucke/Doc?id=10802610</a>
Public note An electronic book accessible through the World Wide Web; click to view

No items available.

© 2026 Rongo University
Contact us: librarian | system librarian | Rongo university